Diccionario ilustrado de la geología: con equivalencias en inglés y un amplio índice español - inglés, inglés - español

Saved in:
Bibliografiske detaljer
Hovedforfatter: Watt, Alec (Author)
Format: Bog
Sprog:spansk
Udgivet: León Everest 1982
Fag:
Tags: Tilføj Tag
Ingen Tags, Vær først til at tagge denne postø!

MARC

LEADER 00000nam a2200000 a 4500
001 UCX2482
003 CL-VaPUC
008 910520e19820000SP |||||||||||||||||spa|d
082 0 4 |a 551.03  |b WAT  |2 21 
100 0 |a Watt, Alec  |e author  |9 318422 
245 1 0 |a Diccionario ilustrado de la geología: con equivalencias en inglés y un amplio índice español - inglés, inglés - español 
300 |a 208 p 
942 |c BK 
945 |d 19910520 00:00:00 
260 |a León  |b Everest  |c 1982 
650 0 |a Geología   |9 260984 
650 0 |a Diccionarios  |9 256200 
650 0 |a Glosarios  |9 261047 
583 |a last modification  |c 19910520 00:00:00  |k Rodrigo Vera 
999 |c 223492  |d 223490 
952 |0 0  |1 0  |4 0  |6 551_030000000000000_WAT_1982  |7 0  |8 X  |9 219355  |a BIBING  |b BIBING  |d 2019-11-15  |i 2880989  |o 551.03 WAT 1982  |p 2880989  |r 2025-01-20  |w 2019-11-15  |y BK_X  |k GEO